000 00285nam a2200121Ia 4500
005 20251222144800.0
008 251222s9999||||xx |||||||||||||| ||spa||
020 _a84-96118-21-5
082 _a828.94/S47/2003
100 _a"Shaw, George Bernard"
245 0 _aPigmalión
942 _cLIB
999 _c19681
_d19681